| 000 | 00508nam a22001937a 4500 | ||
|---|---|---|---|
| 003 | SISC | ||
| 005 | 20160302132241.0 | ||
| 008 | 130829t xxu||||| |||| 00| 0 eng d | ||
| 020 | _a0395618568 | ||
| 020 | _a9780395618561 | ||
| 050 |
_aPZ 5 _b.C456 1993 |
||
| 082 |
_aHS 808.83 _bC36 1995 |
||
| 245 |
_aChanging : _bsix stories about growing up / |
||
| 300 |
_a61 p. ; _c23 cm. |
||
| 650 |
_aShort stories _xCollections _915101 |
||
| 650 |
_aAdolescence _xFiction _915102 |
||
| 942 |
_2lcc _cBK |
||
| 999 |
_c9798 _d9798 |
||